000 00988nam0a22002291i 4500
001 rc\3749127
005 20240726072940.0
021 _aRU
_b[71-9479а]
035 _a(NLR Aleph) 007789086
090 _a7643888
_c7643888
100 _a20130115d1971 |||y0rusy50 ca
101 0 _arus
102 _aRU
105 _ay d |||||
200 1 _aИстория технологии производства железных изделий на территории Литвы в II-XIII вв.
_e(По данным металлогр. исследований железных изделий из археол. памятников Лит. ССР)
_eАвтореф. дис. на соискание учен. степени канд. ист. наук
_e(575)
_fАН Лит. ССР. Ин-т истории
210 _aВильнюс
_d1971
215 _a32 с.
700 1 _aСтанкус
_bЙ.
801 0 _aRU
_bNLR
_gpsbo
801 1 _aRU
_bELAR
_2rusmarc
852 _aNLR
_j71-4/15688
942 _cBOOK